<?xml version="1.0" encoding="UTF-8"?>
<record
    xmlns:xsi="http://www.w3.org/2001/XMLSchema-instance"
    xsi:schemaLocation="http://www.loc.gov/MARC21/slim http://www.loc.gov/standards/marcxml/schema/MARC21slim.xsd"
    xmlns="http://www.loc.gov/MARC21/slim">

  <leader>01720nam a22002897a 4500</leader>
  <controlfield tag="005">20240227162155.0</controlfield>
  <controlfield tag="008">240123b        |||||||| |||| 00| 0 eng d</controlfield>
  <datafield tag="020" ind1=" " ind2=" ">
    <subfield code="a">9789584247018</subfield>
  </datafield>
  <datafield tag="037" ind1=" " ind2=" ">
    <subfield code="3">Donaci&#xF3;n</subfield>
  </datafield>
  <datafield tag="040" ind1=" " ind2=" ">
    <subfield code="a">CO-JMCR</subfield>
    <subfield code="c">CO-JMCR</subfield>
    <subfield code="d">CO-JMCR</subfield>
    <subfield code="e">rda</subfield>
  </datafield>
  <datafield tag="041" ind1=" " ind2=" ">
    <subfield code="a">spa</subfield>
  </datafield>
  <datafield tag="082" ind1=" " ind2=" ">
    <subfield code="a">J-N</subfield>
    <subfield code="b">CLAc1</subfield>
  </datafield>
  <datafield tag="100" ind1=" " ind2=" ">
    <subfield code="a">Clare, Cassandra</subfield>
    <subfield code="e">autor</subfield>
    <subfield code="9">42629</subfield>
  </datafield>
  <datafield tag="245" ind1=" " ind2=" ">
    <subfield code="a">Ciudad de ceniza / </subfield>
    <subfield code="c">Cassandra Clare; traducci&#xF3;n de Gemma Gallart </subfield>
  </datafield>
  <datafield tag="246" ind1=" " ind2=" ">
    <subfield code="a">The mortal instruments :</subfield>
    <subfield code="b">City of ashes </subfield>
  </datafield>
  <datafield tag="260" ind1=" " ind2=" ">
    <subfield code="a">Bogot&#xE1;:</subfield>
    <subfield code="b">destino,</subfield>
    <subfield code="c">2009</subfield>
  </datafield>
  <datafield tag="300" ind1=" " ind2=" ">
    <subfield code="a">455 p&#xE1;ginas;</subfield>
    <subfield code="c">21 cm. </subfield>
  </datafield>
  <datafield tag="490" ind1=" " ind2=" ">
    <subfield code="a">Cazadores de sombras </subfield>
  </datafield>
  <datafield tag="500" ind1=" " ind2=" ">
    <subfield code="a">Incluye &#xED;ndice </subfield>
  </datafield>
  <datafield tag="520" ind1=" " ind2=" ">
    <subfield code="a">Clary Fray desear&#xED;a que su vida volviera a la normalidad. Si pudiera dejar atr&#xE1;s el mundo de los cazadores de sombras, tendr&#xED;a m&#xE1;s tiempo para Simon, su mejor amigo, que se est&#xE1; convirtiendo en algo m&#xE1;s... Pero el mundo subterr&#xE1;neo que acaba de descubrir no est&#xE1; preparado para dejarla ir; en especial ese apuesto y exasperante Jace. Para complicar las cosas, una ola de asesinatos sacude la ciudad. Clary cree que Valentine est&#xE1; detr&#xE1;s de esas muertes, pero &#xBF;c&#xF3;mo podr&#xE1; detenerle si Jace parece dispuesto a traicionar todo en lo que cree para ayudar a su padre? En esta soberbia secuela de Ciudad de Hueso, Cassandra Clare arrastra de nuevo a sus lectores a las siniestras garras del Submundo de Nueva York, donde el amor jam&#xE1;s est&#xE1; a salvo y el poder se convierte en la tentaci&#xF3;n m&#xE1;s letal</subfield>
  </datafield>
  <datafield tag="521" ind1=" " ind2=" ">
    <subfield code="a">Para mayores de 14 a&#xF1;os </subfield>
  </datafield>
  <datafield tag="650" ind1=" " ind2=" ">
    <subfield code="2">JMCR</subfield>
    <subfield code="a">Fantas&#xED;a y magia </subfield>
    <subfield code="x">Novela </subfield>
    <subfield code="9">43489</subfield>
  </datafield>
  <datafield tag="650" ind1=" " ind2=" ">
    <subfield code="2">JMCR</subfield>
    <subfield code="a">Literatura juvenil </subfield>
    <subfield code="9">7569</subfield>
  </datafield>
  <datafield tag="650" ind1=" " ind2=" ">
    <subfield code="2">JMCR</subfield>
    <subfield code="a">Cazadores </subfield>
    <subfield code="x">Novela </subfield>
    <subfield code="9">43490</subfield>
  </datafield>
  <datafield tag="700" ind1=" " ind2=" ">
    <subfield code="a">Gallart, Gemma</subfield>
    <subfield code="e">traductor</subfield>
    <subfield code="9">42449</subfield>
  </datafield>
  <datafield tag="942" ind1=" " ind2=" ">
    <subfield code="2">ddc</subfield>
    <subfield code="c">BK</subfield>
  </datafield>
  <datafield tag="999" ind1=" " ind2=" ">
    <subfield code="c">30497</subfield>
    <subfield code="d">16881</subfield>
  </datafield>
  <datafield tag="952" ind1=" " ind2=" ">
    <subfield code="0">0</subfield>
  </datafield>
</record>
